000 00695ntaaa2200217 4500
003 01
005 20251027200933.0
008 0714s1973 ag 01
040 _aAR-BaBN
_bspa
_cAR-BaBN
_eaacr
_dRIC
082 _a231.3 B46
100 _aBethell College and Seminary St. Paul
_96134
245 _aFresh winds of the Holy Spirit /
_cBethell College and Seminary St. Paul, John F Walvoord, Everet L Cattell, John Wesley White
250 _a1 ed.
260 _as/l :
_bSt. Paul Bethel College and Seminary,
_c1968
300 _a189 p
650 _aEspiritu Santo
700 _aWalvoord, John F
_95998
700 _aCattell, Everet L
_96135
700 _aWhite, John Wesley
_96136
942 _cBK
999 _c3375
_d3375